| 000 | 00825nam a22001817a 4500 | ||
|---|---|---|---|
| 999 |
_c63924 _d63924 |
||
| 003 | Ge_BSU | ||
| 005 | 20260223150623.0 | ||
| 008 | 260223s2025 ge ||||| |||| 00| 0 geo d | ||
| 020 | _a9789941347535 | ||
| 041 | _ageo | ||
| 080 | _a343(4.479.22) გ-67 | ||
| 100 |
_aგონაშვილი, ვ. _92853 |
||
| 245 |
_aნორმატიული აქტის მომზადების გზამკვლევი : _bევროპის ქვეყნებისა და საქართველოს პრაქტიკის მაგალითზე / _cვასილ გონაშვილი. |
||
| 264 |
_aთბილისი : _bმერიდიანი, _c 2025. |
||
| 300 |
_a488 გვ.; _b20 სმ. |
||
| 653 | _aსამართალი | ||
| 942 |
_2udc _cᲬᲘᲒᲜᲘ |
||